Thí nghiệm thực hành phương pháp dạy học hóa học T.3 Phương pháp dạy học hóa học

Zapisane w:
Opis bibliograficzny
Kolejni autorzy: Nguyễn, Mai Dung, Nguyễn, Thị Sửu, Nguyễn, Xuân Trường, Đặng, Thị Oanh, Nguyễn, Cương
Format: Książka
Wydane: Hà Nội Đại học sư phạm 2005
Hasła przedmiotowe:
Etykiety: Dodaj etykietę
Nie ma etykietki, Dołącz pierwszą etykiete!
Thư viện lưu trữ: Trung tâm Học liệu Lê Vũ Hùng, Trường Đại học Đồng Tháp
LEADER 01307pam a22002778a 4500
001 00043844
005 20190320100317.0
008 110425s2008 ||||||Viesd
020 # # |c 13000 
041 0 # |a Vie 
082 1 4 |a 540.71  |b TH300NGH 
245 0 0 |a Thí nghiệm thực hành phương pháp dạy học hóa học  |c Nguyễn Cương, Nguyễn Xuân Trường, Nguyễn Thị Sửu..[và những người khác]  |n T.3  |p Phương pháp dạy học hóa học 
250 # # |b Có sửa chữa 
260 # # |a Hà Nội  |b Đại học sư phạm  |c 2005 
300 # # |a 213 tr.  |c 27 cm. 
653 # # |a Hóa học 
653 # # |a Phương pháp giảng dạy 
653 # # |a Thí nghiệm 
700 0 # |a Nguyễn, Mai Dung 
700 0 # |a Nguyễn, Thị Sửu 
700 0 # |a Nguyễn, Xuân Trường 
700 0 # |a Đặng, Thị Oanh 
700 1 # |a Nguyễn, Cương 
852 # # |j KGT.0056462  |j KGT.0056463  |j KGT.0056464  |j KGT.0056465  |j KGT.0056466  |j KGT.0056467  |j KGT.0056468  |j KGT.0056469  |j KGT.0056470  |j KGT.0056471  |j KGT.0056472  |j KGT.0056473  |j KGT.0056474  |j KGT.0056475  |j KGT.0056476  |j KGT.0056477  |j KGT.0056478  |j KGT.0056479  |j KGT.0056480  |j KD.0025414 
910 # # |d 20/3/2019 
980 # # |a Trung tâm Học liệu Lê Vũ Hùng, Trường Đại học Đồng Tháp